000 00581nam a22001817a 4500
005 20150625114357.0
010 _aENG-112877
020 _c175.00
_a9788172764494
035 _aEN-96409
037 _bDBAD/PUB
082 _a230.22
100 _aRoy, Dilip Kumar
245 _aImmortals of the Bhagavat, or, Nectar of immortality & Shri Ramakrishna's parables /
_cby Dilip Kumar Roy
260 _aMumbai
_bBharatiya Vidya Bhawan
_c2011
270 _aKulapati Munshi Marg,
_bMumbai
_e400007
300 _axxxix,213p.
_c22cm(pbk)
942 _2ddc
_cEN
_mROY
_h230.22
999 _c93359
_d93359